Antropología e identidades en Centroamérica. Parte 3: De localidades, pueblos y naciones /

সংরক্ষণ করুন:
গ্রন্থ-পঞ্জীর বিবরন
প্রধান লেখক: Murillo Chaverri, Carmen
সংস্থা লেখক: Universidad de Costa Rica. Facultad de Ciencias Sociales. Escuela de Antropología y Sociología. Departamento de Antropología. Laboratorio de Etnología
অন্যান্য লেখক: ed.
বিন্যাস: পাঠ‍্য
প্রকাশিত: San José: UCR
ট্যাগগুলো: ট্যাগ যুক্ত করুন
কোনো ট্যাগ নেই, প্রথমজন হিসাবে ট্যাগ করুন!

MARC

LEADER 00000 a a2200000 04500
001 25871
003
040
090 |a 173515  
100 |a Murillo Chaverri, Carmen  
110 |a Universidad de Costa Rica. Facultad de Ciencias Sociales. Escuela de Antropología y Sociología. Departamento de Antropología. Laboratorio de Etnología  
245 |a Antropología e identidades en Centroamérica. Parte 3: De localidades, pueblos y naciones /  |c Carmen Murillo Chaverri 
260 |a San José:   |b UCR  
300 |a 280 p.  
700 |a ed.  
999 |c 1433  |d 1433